00305nam a2200121Ia 4500008004100000082001500041100002300056245004000079250000900119260002300128300000900151650002300160150301s2008 xx 000 0 und d a614.4b08W aWALLACE, ROBERT B. aPUBLIC HEALTH & PREVENTIVE MEDICINE a15TH bMC GRAW HILLc2008 a1370 aCOMMUNITY MEDICINE